Опыт создания землеройных машин в "северном" исполнении; Проблемы Севера; Вып. 17: Развитие производительных сил Севера и научно-технический прогресс

Detalles Bibliográficos
Parent link:Проблемы Севера: сборник/ Академия наук СССР (АН СССР).— , 1958-1972
Вып. 17: Развитие производительных сил Севера и научно-технический прогресс.— 1972.— С. 195-199
Autor principal: Мищенко И. П.
Lenguaje:ruso
Publicado: 1972
Colección:Информация
Formato: MixedMaterials Capítulo de libro
KOHA link:https://koha.lib.tpu.ru/cgi-bin/koha/opac-detail.pl?biblionumber=222731

MARC

LEADER 00000naa2a2200000 4500
001 222731
005 20231031200047.0
035 |a (RuTPU)RU\TPU\book\242946 
035 |a RU\TPU\book\242944 
090 |a 222731 
100 |a 20120927d1972 k y0rusy50 ca 
101 0 |a rus 
102 |a RU 
200 1 |a Опыт создания землеройных машин в "северном" исполнении  |f И. П. Мищенко 
225 1 |a Информация 
461 0 |0 (RuTPU)RU\TPU\book\119820  |t Проблемы Севера  |o сборник  |f Академия наук СССР (АН СССР)  |d 1958-1972 
463 0 |0 (RuTPU)RU\TPU\book\242873  |t Вып. 17: Развитие производительных сил Севера и научно-технический прогресс  |v С. 195-199  |d 1972  |p 204 с. 
700 1 |a Мищенко  |b И. П. 
801 1 |a RU  |b 63413507  |c 20120927 
801 2 |a RU  |b 63413507  |c 20120927  |g RCR 
942 |c BK